|
|
|
|
| LEADER |
00000cam a22000004a 4500 |
| 001 |
musev2_5804 |
| 003 |
MdBmJHUP |
| 005 |
20230905040703.0 |
| 006 |
m o d |
| 007 |
cr||||||||nn|n |
| 008 |
080825s2008 cc o 00 0 eng d |
| 010 |
|
|
|z 2008438019
|
| 020 |
|
|
|a 9789888052929
|
| 020 |
|
|
|z 9789622099074
|
| 035 |
|
|
|a (OCoLC)650509191
|
| 040 |
|
|
|a MdBmJHUP
|c MdBmJHUP
|
| 050 |
0 |
4 |
|a PN1861
|b .T49 2008
|
| 100 |
1 |
|
|a Tian, Min.
|
| 245 |
1 |
4 |
|a The Poetics of Difference and Displacement :
|b Twentieth-Century Chinese-Western Intercultural Theatre /
|c Min Tian.
|
| 264 |
|
1 |
|a London :
|b Eurospan [distributor],
|c 2008.
|
| 264 |
|
3 |
|a Baltimore, Md. :
|b Project MUSE,
|c 2012
|
| 264 |
|
4 |
|c ©2008.
|
| 300 |
|
|
|a 1 online resource (292 pages):
|b ill.
|
| 336 |
|
|
|a text
|b txt
|2 rdacontent
|
| 337 |
|
|
|a computer
|b c
|2 rdamedia
|
| 338 |
|
|
|a online resource
|b cr
|2 rdacarrier
|
| 504 |
|
|
|a Includes bibliographical references and index.
|
| 588 |
|
|
|a Description based on print version record.
|
| 650 |
|
0 |
|a Civilization, Western
|x Chinese influences.
|
| 650 |
|
0 |
|a Intercultural communication.
|
| 650 |
|
0 |
|a Theater
|z China
|x History
|y 20th century.
|
| 650 |
|
0 |
|a Chinese drama
|y 20th century
|x History and criticism.
|
| 650 |
|
0 |
|a Theater
|z Western countries
|x History
|y 20th century.
|
| 650 |
|
0 |
|a Drama
|y 20th century
|x History and criticism.
|
| 651 |
|
0 |
|a China
|x Civilization
|x Western influences.
|
| 655 |
|
7 |
|a Electronic books.
|2 local
|
| 710 |
2 |
|
|a Project Muse.
|e distributor
|
| 830 |
|
0 |
|a Book collections on Project MUSE.
|
| 856 |
4 |
0 |
|z Texto completo
|u https://projectmuse.uam.elogim.com/book/5804/
|
| 945 |
|
|
|a Project MUSE - Custom Collection
|
| 945 |
|
|
|a Project MUSE - Archive Complete Foundation
|
| 945 |
|
|
|a Project MUSE - Archive Poetry, Fiction and Creative Non-Fiction Foundation
|
| 945 |
|
|
|a Project MUSE - Archive Asian and Pacific Studies Foundation
|